000 00715nam a22002297a 4500
999 _c13027
_d13027
003 AR-CdUCM
008 190411b ||||| |||| 00| 0 spa d
040 _aMUNICIPALIDAD PROVINCIAL DEL CUSCO
_cBIBLIOTECA MUNICIPAL DEL CUSCO
082 _a869.508 /
_bR52
100 _aRibeyro, Julio Ramón
_9546
245 _aAntología /
260 _aLima :
_bEdiciones PEISA,
_c1973.
300 _a189 páginas ;
_c17 cm.
440 _aBiblioteca Peruana.
_911247
505 _aContenido: Cuentos.
650 _aLiteratura Peruana
_9132
650 _aSiglo XX
_98
650 _aCuentos Peruanos
_933
710 _aGobierno Revolucionario del Perú (auspicio)
_931040
942 _2ddc
_cLIBROS
945 _aachl
_d2019-04-11